|
|
|
|
| LEADER |
00909nam a2200241 a 4500 |
| 008 |
040702s2004 dcua f 000 0 eng d |
| 020 |
|
|
|a 0821357247
|
| 020 |
|
|
|a 0821356828 (hbk.)
|
| 022 |
|
|
|a 01635085
|
| 040 |
|
|
|a UKM
|c UKM
|
| 082 |
0 |
4 |
|a 338.9'109051
|2 22
|
| 245 |
0 |
2 |
|a A better investment climate for everyone.
|
| 260 |
|
|
|a Washington, D.C. :
|b World Bank :
|b Oxford University Press,
|c 2004.
|
| 263 |
|
|
|a 200409
|
| 300 |
|
|
|a xvi, 271 p. :
|b ill. ;
|c 26 cm.
|
| 490 |
0 |
|
|a World development report ;
|v 2005
|
| 541 |
1 |
|
|e 00013297
|
| 650 |
|
0 |
|a Economic development.
|
| 650 |
|
0 |
|a International economic relations.
|
| 710 |
2 |
|
|a The World Bank
|
| 852 |
4 |
|
|a Ayesha Abed Library
|j General Shelf.
|
| 999 |
|
|
|c 5457
|d 5457
|
| 952 |
|
|
|0 0
|1 0
|2 ddc
|4 0
|6 338_000000000000000_9109051_BET
|7 0
|9 5323
|a BRACUL
|b BRACUL
|c GEN
|d 2009-11-12
|g 2221.63
|l 3
|m 11
|o 338.9'109051 BET
|p 3010013297
|r 2015-01-24
|s 2015-01-13
|t 1
|w 2009-11-12
|y BK
|x USD 26.00
|